LEADER 00818nam a2200205 i 4500 001 000000068979 003 CaOOAMICUS 005 20260304095636.0 008 990601n it u000 u ita u 040 $aSeMil$bita 245 13$aIl vocabolario Treccani :$bmanuale d'uso del CD-Rom. 300 $a89 p. :$bill. ;$c24 cm +$eCd 500 $aIn cofanetto 773 0 $tVocabolario della lingua italiana.$dRoma : Istituto della Enciclopedia Italiana, 1986-2003.$w()6738 850 $aSeMil 852 $aSeMil$W1$xVenegono$y1$mMM C 2$j267951$B35132$CSeMilBibl$Z2$F35135 $8I 961 $aOmaggio: Rimoldi mons. Antonio 961 $aIl cofanetto con il Cd č conservato in ufficio 996 $6245$aIl vocabolario Treccani :$bmanuale d'uso del CD-Rom$9(OLS)http://semarc/title/110381 LEADER 01379nam a2200229 i 4500 001 000000030548 003 CaOOAMICUS 005 20260112085211.0 008 180830s1776 it u000 u ita u 040 $aSeMil$bita 245 13$aIl Pentateuco o sia I cinque libri di Mosč secondo la volgata tradotti in lingua italiana, e con annotazioni illustrati. 260 $aIn Torino :$bNella Stamperia Reale,$c1776. 300 $a3 v. ;$c8°. 500 $aA cura dell'abate di S. Giacomo A. Martini, il cui nome figura nella dedica del v. 1. - Calcogr. con immagine sacra sul front. del vol. 1. 650 4$aBibbia. Antico Testamento. Pentateuco - Commentari, studi, critica, interpretazioni.$0(OLS)http://semarc/subject/4709 700 1 $aMartini, Antonio,$c.$0(OLS)http://semarc/name/887 773 0 $tDel Vecchio Testamento secondo la volgata tradotto in lingua italiana e con annotazioni illustrato. Tomo 1. [-17.].$dIn Torino : Nella Stamperia Reale, 1776-1781.$w()30550 774 0 $tTomo primo che contiene la Genesi.$g1$w()233330 941 1 $a4 996 $6245$aIl Pentateuco o sia I cinque libri di Mosč secondo la volgata tradotti in lingua italiana, e con annotazioni illustrati$9(OLS)http://semarc/title/41592 996 $6260$aIn Torino :$bNella Stamperia Reale$9(OLS)http://semarc/publisher/37990